අධිසත්තාවාදී කවි : (Record no. 3690)
[ view plain ]
| 000 -LEADER | |
|---|---|
| fixed length control field | 00644nam a2200193 4500 |
| 003 - CONTROL NUMBER IDENTIFIER | |
| control field | LK-CoMWRAF |
| 005 - DATE AND TIME OF LATEST TRANSACTION | |
| control field | 20231201115411.0 |
| 008 - FIXED-LENGTH DATA ELEMENTS--GENERAL INFORMATION | |
| fixed length control field | 230926b |||||||| |||| 00| 0 eng d |
| 020 ## - INTERNATIONAL STANDARD BOOK NUMBER | |
| International Standard Book Number | 9558203009 |
| 040 ## - CATALOGING SOURCE | |
| Original cataloging agency | LK-CoMWRAF |
| Modifying agency | LK-CoMWRAF |
| Description conventions | LK-CoMWRAF |
| 041 ## - LANGUAGE CODE | |
| Language code of text/sound track or separate title | Sinhala; Sinhalese |
| 082 ## - DEWEY DECIMAL CLASSIFICATION NUMBER | |
| Classification number | 821.914 |
| Item number | PRE |
| 942 ## - ADDED ENTRY ELEMENTS (KOHA) | |
| Koha item type | Books |
| 100 ## - MAIN ENTRY--PERSONAL NAME | |
| Personal name | ප්රේවෙිර්. ජක් |
| 700 ## - ADDED ENTRY--PERSONAL NAME | |
| Personal name | ජයවර්ධන. රොහාන් |
| Relator Term | translator |
| 245 ## - TITLE STATEMENT | |
| Title | අධිසත්තාවාදී කවි : |
| Remainder of title | ප්රංශ කවි එකතුව |
| 246 ## - VARYING FORM OF TITLE | |
| Title proper/short title | Adhisaththawadee kawi : Pransha kawi ekathuwa |
| 650 ## - SUBJECT ADDED ENTRY--TOPICAL TERM | |
| Topical term or geographic name as entry element | පුංශ කවි |
| Withdrawn status | Lost status | Damaged status | Not for loan | Permanent Location | Current Location | Date acquired | Full call number | Barcode | Koha item type |
|---|---|---|---|---|---|---|---|---|---|
| Resource center, Muslim Women's Research And Action Forum | Resource center, Muslim Women's Research And Action Forum | 2023-09-26 | 821.914 PRE | RAF2020 | Books | ||||
| Resource center, Muslim Women's Research And Action Forum | Resource center, Muslim Women's Research And Action Forum | 2023-09-28 | 821.914 PRE | RAF2086 | Books | ||||
| Resource center, Muslim Women's Research And Action Forum | Resource center, Muslim Women's Research And Action Forum | 2023-09-28 | 821.914 PRE | RAF2087 | Books |

